000
00331nam a2200133 a 4500
001
4041
005
20140414131903.0
008
081121s19uu xx 00 eng d
020
_a
0-671-00048-9
050
_a
FIC
_b
K25 1997
100
_a
Keene, Carolyn
245
_a
Nancy Drew :
_b
The riddle of the ruby gazelle.
999
_c
110798
_d
110798